| 000 | | | 03823nac2a22002533x 450 |
| 001 | | | 574cfd39-968f-4007-8eff-2c0ef4cd5618 |
| 005 | | | 20230109181632.0 |
| 100 | ## | $a | 20221117l19261926k y0rusy50 ca |
| 101 | 0# | $a | rus |
| | $a | mul |
| 102 | ## | $a | RU |
| 105 | ## | $a | y z ||||| |
| 122 | 2# | $a | d19260405 |
| | $a | d19260414 |
| 200 | 1# | $a | О правилах приобретения, расходования и сдачи карт игральных, лото и домино и ведения отчетности по этим операциям клубами и др. заведениями |
| | $j | 05.04.1926 - 14.04.1926 |
| 215 | ## | $a | 2 листа |
| 251 | ## | $c | Дело |
| 300 | ## | $a | Часть текста на языках народов СССР |
| 300 | ## | $a | В деле обратная нумерация |
| 300 | ## | $a | Часть текста машинописная и рукописная, часть - напечатана типографским способом |
| 461 | #0 | $1 | 001796d4672-8a00-4986-b488-6e42273792cc |
| | $1 | 2001 |
| | $a | ЦЕНТРАЛЬНЫЙ ИСПОЛНИТЕЛЬНЫЙ КОМИТЕТ СССР (ЦИК СССР). |
| | $1 | 251 |
| | $c | Фонд |
| | $1 | 852 |
| | $g | Р |
| | $j | 3316 |
| 462 | #0 | $1 | 001e365b2fb-f374-4764-a068-dc9012f0aaee |
| | $1 | 2001 |
| | $a | Дела Секретариата Президиума ЦИК Союза ССР за 1926 г. |
| | $v | Д. 554 |
| | $1 | 251 |
| | $c | Опись |
| | $1 | 852 |
| | $j | 19 |
| 601 | 01 | $3 | RU\NLR\AUTH\880357276 |
| | $a | СССР |
| | $b | ЦИК |
| 801 | #0 | $a | RU |
| | $b | GA_RF |
| 801 | #1 | $a | RU |
| | $b | ГлавНИВЦ |
| | $c | 20221117 |
| | $2 | rusmarc |
| 801 | #2 | $a | RU |
| | $b | ПБ им. Б.Н. Ельцина |
| | $c | 20230109 |
| | $g | RCR |
| | $2 | rusmarc |
| 852 | ## | $a | ГА РФ |
| | $j | 554 |
| 937 | ## | $d | 181898563 |
| | $h | ГАРФ |
| 035 | ## | $a | RuPRLIB51070586 |
| 856 | ## | $u | http://readingroom.main.prlib.ru/item.aspx?id_node=n181898563&mode=full |